000
00237nam a2200097Ia 4500
001
653873
005
20250826154506.0
008
250824s9999 xx 000 0 und d
245
0
_a
TROYA MASALI
_c
AZRA ERHAT
260
_b
GÜNIŞIĞI YAYINLARI
999
_c
653873
_d
653873